000 00569nam a2200169 4500
999 _c4556
_d4556
008 160916b xxu||||| |||| 00| 0 eng d
022 _a2094-8042
082 _aDPer 370.105 M72 Jan-Dec 2012 v. 60-61
100 _914658
_aGenio, Maria Teresa D.
243 _aThe modern teacher
245 _aTurn mathematics to interesting discipline/
_cMaria Teresa D. Genio.
260 _aPhilippines:
_bIn the Grade School, Inc.,
_c©2012.
300 _av61 n4, pages 146-147;
_c28 cm.
500 _aThe Modern Teacher.
650 0 _914660
_aMathematics
942 _2ddc
_cPER